<?xml version="1.0" encoding="UTF-8"?>
<record
    xmlns:xsi="http://www.w3.org/2001/XMLSchema-instance"
    xsi:schemaLocation="http://www.loc.gov/MARC21/slim http://www.loc.gov/standards/marcxml/schema/MARC21slim.xsd"
    xmlns="http://www.loc.gov/MARC21/slim">

  <leader>00478nam a2200181Ia 4500</leader>
  <controlfield tag="008">220501s2022    xx            000 0 eng d</controlfield>
  <datafield tag="020" ind1=" " ind2=" ">
    <subfield code="a">9788194740049</subfield>
  </datafield>
  <datafield tag="082" ind1=" " ind2=" ">
    <subfield code="a">658.4012 KAZ-S</subfield>
  </datafield>
  <datafield tag="100" ind1=" " ind2=" ">
    <subfield code="a">Kazmi, Azahar</subfield>
  </datafield>
  <datafield tag="245" ind1=" " ind2="0">
    <subfield code="a">Strategic management</subfield>
    <subfield code="c">Azahar Kazmi and Adela Kazmi</subfield>
  </datafield>
  <datafield tag="250" ind1=" " ind2=" ">
    <subfield code="a">5th</subfield>
  </datafield>
  <datafield tag="260" ind1=" " ind2=" ">
    <subfield code="a">Chennai</subfield>
    <subfield code="b">McGraw Hill</subfield>
    <subfield code="c">2022</subfield>
  </datafield>
  <datafield tag="300" ind1=" " ind2=" ">
    <subfield code="a">xxxiv, 788</subfield>
  </datafield>
  <datafield tag="650" ind1=" " ind2=" ">
    <subfield code="a">Management</subfield>
  </datafield>
  <datafield tag="650" ind1=" " ind2=" ">
    <subfield code="a">Strategic management</subfield>
  </datafield>
  <datafield tag="700" ind1=" " ind2=" ">
    <subfield code="a">Kazami, Adela</subfield>
  </datafield>
  <datafield tag="942" ind1=" " ind2=" ">
    <subfield code="2">ddc</subfield>
    <subfield code="c">BK</subfield>
    <subfield code="0">30</subfield>
  </datafield>
  <datafield tag="999" ind1=" " ind2=" ">
    <subfield code="c">18254</subfield>
    <subfield code="d">18254</subfield>
  </datafield>
  <datafield tag="952" ind1=" " ind2=" ">
    <subfield code="0">0</subfield>
    <subfield code="1">0</subfield>
    <subfield code="2">ddc</subfield>
    <subfield code="4">0</subfield>
    <subfield code="7">0</subfield>
    <subfield code="a">SOBD</subfield>
    <subfield code="b">SOBD</subfield>
    <subfield code="d">2022-05-31</subfield>
    <subfield code="e">Vedi Books</subfield>
    <subfield code="l">6</subfield>
    <subfield code="m">2</subfield>
    <subfield code="o">658.4012 KAZ-S3</subfield>
    <subfield code="p">001776</subfield>
    <subfield code="r">2025-03-31</subfield>
    <subfield code="s">2025-02-01</subfield>
    <subfield code="t">3</subfield>
    <subfield code="w">2022-04-18</subfield>
    <subfield code="y">BK</subfield>
    <subfield code="k">VEDI/22-23/04/20</subfield>
  </datafield>
  <datafield tag="952" ind1=" " ind2=" ">
    <subfield code="0">0</subfield>
    <subfield code="1">0</subfield>
    <subfield code="2">ddc</subfield>
    <subfield code="4">0</subfield>
    <subfield code="7">0</subfield>
    <subfield code="a">SOBD</subfield>
    <subfield code="b">SOBD</subfield>
    <subfield code="d">2022-05-31</subfield>
    <subfield code="e">Vedi Books</subfield>
    <subfield code="l">3</subfield>
    <subfield code="o">658.4012 KAZ-S4</subfield>
    <subfield code="p">001777</subfield>
    <subfield code="r">2025-07-28</subfield>
    <subfield code="s">2025-07-14</subfield>
    <subfield code="t">4</subfield>
    <subfield code="w">2022-04-18</subfield>
    <subfield code="y">BK</subfield>
    <subfield code="k">VEDI/22-23/04/20</subfield>
  </datafield>
  <datafield tag="952" ind1=" " ind2=" ">
    <subfield code="0">0</subfield>
    <subfield code="1">0</subfield>
    <subfield code="2">ddc</subfield>
    <subfield code="4">0</subfield>
    <subfield code="7">0</subfield>
    <subfield code="a">SOBD</subfield>
    <subfield code="b">SOBD</subfield>
    <subfield code="d">2022-05-31</subfield>
    <subfield code="e">Vedi Books</subfield>
    <subfield code="l">2</subfield>
    <subfield code="o">658.4012 KAZ-S5</subfield>
    <subfield code="p">001778</subfield>
    <subfield code="r">2025-03-24</subfield>
    <subfield code="s">2024-07-20</subfield>
    <subfield code="t">5</subfield>
    <subfield code="w">2022-04-18</subfield>
    <subfield code="y">BK</subfield>
    <subfield code="k">VEDI/22-23/04/20</subfield>
  </datafield>
  <datafield tag="952" ind1=" " ind2=" ">
    <subfield code="0">0</subfield>
    <subfield code="1">0</subfield>
    <subfield code="2">ddc</subfield>
    <subfield code="4">0</subfield>
    <subfield code="7">0</subfield>
    <subfield code="a">SOBD</subfield>
    <subfield code="b">SOBD</subfield>
    <subfield code="d">2022-05-31</subfield>
    <subfield code="e">Vedi Books</subfield>
    <subfield code="l">2</subfield>
    <subfield code="o">658.4012 KAZ-S6</subfield>
    <subfield code="p">001779</subfield>
    <subfield code="r">2025-02-19</subfield>
    <subfield code="s">2025-02-06</subfield>
    <subfield code="t">6</subfield>
    <subfield code="w">2022-04-18</subfield>
    <subfield code="y">BK</subfield>
    <subfield code="k">VEDI/22-23/04/20</subfield>
  </datafield>
  <datafield tag="952" ind1=" " ind2=" ">
    <subfield code="0">0</subfield>
    <subfield code="1">0</subfield>
    <subfield code="2">ddc</subfield>
    <subfield code="4">0</subfield>
    <subfield code="7">0</subfield>
    <subfield code="a">SOBD</subfield>
    <subfield code="b">SOBD</subfield>
    <subfield code="d">2022-05-31</subfield>
    <subfield code="e">Vedi Books</subfield>
    <subfield code="l">2</subfield>
    <subfield code="o">658.4012 KAZ-S7</subfield>
    <subfield code="p">001780</subfield>
    <subfield code="r">2024-04-08</subfield>
    <subfield code="s">2024-03-27</subfield>
    <subfield code="t">7</subfield>
    <subfield code="w">2022-04-18</subfield>
    <subfield code="y">BK</subfield>
    <subfield code="k">VEDI/22-23/04/20</subfield>
  </datafield>
  <datafield tag="952" ind1=" " ind2=" ">
    <subfield code="0">0</subfield>
    <subfield code="1">0</subfield>
    <subfield code="2">ddc</subfield>
    <subfield code="4">0</subfield>
    <subfield code="7">0</subfield>
    <subfield code="a">SOBD</subfield>
    <subfield code="b">SOBD</subfield>
    <subfield code="d">2022-05-31</subfield>
    <subfield code="e">Vedi Books</subfield>
    <subfield code="l">3</subfield>
    <subfield code="m">1</subfield>
    <subfield code="o">658.4012 KAZ-S8</subfield>
    <subfield code="p">001781</subfield>
    <subfield code="r">2025-02-17</subfield>
    <subfield code="s">2025-02-01</subfield>
    <subfield code="t">8</subfield>
    <subfield code="w">2022-04-18</subfield>
    <subfield code="y">BK</subfield>
    <subfield code="k">VEDI/22-23/04/20</subfield>
  </datafield>
  <datafield tag="952" ind1=" " ind2=" ">
    <subfield code="0">0</subfield>
    <subfield code="1">0</subfield>
    <subfield code="2">ddc</subfield>
    <subfield code="4">0</subfield>
    <subfield code="7">0</subfield>
    <subfield code="a">SOBD</subfield>
    <subfield code="b">SOBD</subfield>
    <subfield code="d">2022-05-31</subfield>
    <subfield code="e">Vedi Books</subfield>
    <subfield code="l">5</subfield>
    <subfield code="m">1</subfield>
    <subfield code="o">658.4012 KAZ-S9</subfield>
    <subfield code="p">001782</subfield>
    <subfield code="r">2026-04-02</subfield>
    <subfield code="s">2026-03-25</subfield>
    <subfield code="t">9</subfield>
    <subfield code="w">2022-04-18</subfield>
    <subfield code="y">BK</subfield>
    <subfield code="k">VEDI/22-23/04/20</subfield>
  </datafield>
  <datafield tag="952" ind1=" " ind2=" ">
    <subfield code="0">0</subfield>
    <subfield code="1">0</subfield>
    <subfield code="2">ddc</subfield>
    <subfield code="4">0</subfield>
    <subfield code="7">0</subfield>
    <subfield code="a">SOBD</subfield>
    <subfield code="b">SOBD</subfield>
    <subfield code="d">2022-05-31</subfield>
    <subfield code="e">Vedi Books</subfield>
    <subfield code="l">2</subfield>
    <subfield code="m">1</subfield>
    <subfield code="o">658.4012 KAZ-S10</subfield>
    <subfield code="p">001783</subfield>
    <subfield code="r">2024-11-05</subfield>
    <subfield code="s">2024-10-03</subfield>
    <subfield code="t">10</subfield>
    <subfield code="w">2022-04-18</subfield>
    <subfield code="y">BK</subfield>
    <subfield code="k">VEDI/22-23/04/20</subfield>
  </datafield>
  <datafield tag="952" ind1=" " ind2=" ">
    <subfield code="0">0</subfield>
    <subfield code="1">0</subfield>
    <subfield code="2">ddc</subfield>
    <subfield code="4">0</subfield>
    <subfield code="7">0</subfield>
    <subfield code="a">SOBD</subfield>
    <subfield code="b">SOBD</subfield>
    <subfield code="d">2022-05-05</subfield>
    <subfield code="e">Vedi Books</subfield>
    <subfield code="o">658.4012 KAZ-S1</subfield>
    <subfield code="p">001052</subfield>
    <subfield code="r">2024-04-04</subfield>
    <subfield code="t">1</subfield>
    <subfield code="w">2022-04-14</subfield>
    <subfield code="y">REF</subfield>
    <subfield code="k">VEDI/22-23/04/07</subfield>
  </datafield>
  <datafield tag="952" ind1=" " ind2=" ">
    <subfield code="0">0</subfield>
    <subfield code="1">0</subfield>
    <subfield code="2">ddc</subfield>
    <subfield code="4">0</subfield>
    <subfield code="7">0</subfield>
    <subfield code="a">SOBD</subfield>
    <subfield code="b">SOBD</subfield>
    <subfield code="d">2022-05-05</subfield>
    <subfield code="e">Vedi Books</subfield>
    <subfield code="l">5</subfield>
    <subfield code="m">1</subfield>
    <subfield code="o">658.4012 KAZ-S2</subfield>
    <subfield code="p">001053</subfield>
    <subfield code="r">2025-09-24</subfield>
    <subfield code="s">2025-07-14</subfield>
    <subfield code="t">2</subfield>
    <subfield code="w">2022-04-14</subfield>
    <subfield code="y">BK</subfield>
    <subfield code="k">VEDI/22-23/04/07</subfield>
  </datafield>
</record>
